Paediatrics at a glance (Record no. 33334)

MARC details
000 -LEADER
fixed length control field 00461nam a2200193Ia 4500
020 ## - INTERNATIONAL STANDARD BOOK NUMBER
ISBN 9781118947838
050 ## - CALL MARK
Classification number RJ 61 .M53/
100 ## - STATEMENT OF RESPONSIBILITY--MAIN AUTHOR NAME
Personal name Miall, Lawrence
245 #0 - TITLE STATEMENT
Title Paediatrics at a glance
250 ## - EDITION / VOLUME STATEMENT
Edition / Volume statement 4th ed.
260 ## - PUBLICATION, DISTRIBUTION, ETC. (IMPRINT)
Place of publication United Kingdom
260 ## - PUBLICATION, DISTRIBUTION, ETC. (IMPRINT)
Name of publisher John Wiley & Sons Ltd.
260 ## - PUBLICATION, DISTRIBUTION, ETC. (IMPRINT)
Year of publication 2016
300 ## - PHYSICAL DESCRIPTION
Number of Pages 187 p
650 ## - SUBJECT ADDED ENTRY--TOPICAL TERM
Topical Term Pediatrics--methods
942 ## - ADDED ENTRY ELEMENTS (KOHA)
Koha item type Books
Holdings
Withdrawn status Lost status Source of classification or shelving scheme Damaged status Not for loan Permanent Location Current Location Shelving location Date acquired Accession Number Price effective from Koha item type
    Library of Congress Classification     Asokoro Library Asokoro Library Items on shelf 04/23/2025 0193811 04/23/2025 Books